Estudio comparativo del diseño de mezclas asfálticas por el método HVEEM.

সংরক্ষণ করুন:
গ্রন্থ-পঞ্জীর বিবরন
প্রধান লেখক: Jarquín Pfaeffle, Eduardo
বিন্যাস: অজ্ঞাত
প্রকাশিত: [San José, Costa Rica] 1967
বিষয়গুলি:
ট্যাগগুলো: ট্যাগ যুক্ত করুন
কোনো ট্যাগ নেই, প্রথমজন হিসাবে ট্যাগ করুন!

MARC

LEADER 00000 a2200000 4500
003 011205
005 20221231143810.0
008 140114s1967 c a m 000 ||s d
040 |c cru CEDI 
090 |a TFG 243 
100 |a Jarquín Pfaeffle, Eduardo  |9 17641 
245 |a Estudio comparativo del diseño de mezclas asfálticas por el método HVEEM. 
260 |c 1967  |a [San José, Costa Rica] 
300 |a  136 hojas : cuadros, gráficos ; 29 cm  
500 |a Tesis (Ingeniero Civil) Universidad de Costa Rica.  
650 |x ASFALTO  |9 17642 
942 |c TFG 
999 |c 12147  |d 12147